[Event "COL-ch U16"]
[Site "Medellin"]
[Date "2025.04.25"]
[Round "3"]
[White "Moreno Hernandez, Andres Mauricio"]
[Black "Garcia Landinez, Yawar Alec"]
[Result "1/2-1/2"]
[WhiteElo "1808"]
[BlackElo "1621"]
[PlyCount "54"]
[EventDate "2025.04.24"]
[EventType "swiss"]
[EventRounds "7"]
[EventCountry "COL"]
[SourceTitle "CB18_2025"]
[SourceDate "2025.04.30"]
[SourceVersion "1"]
[SourceVersionDate "2025.04.30"]
[SourceQuality "1"]

1. c4 c6 2. Nc3 d5 3. cxd5 cxd5 4. d3 e5 5. g3 d4 6. Nb1 Nc6 7. Bg2 Bb4+ 8. Bd2 Bxd2+ 9. Nxd2 Nge7 10. Ngf3 f6 11. Qb3 Na5 12. Qc2 Be6 13. 0-0 Rc8 14. Qa4+ Bd7 15. Qd1 0-0 16. b4 Nac6 17. Qb3+ Kh8 18. Ne4 Bg4 19. h3 Bh5 20. Rac1 Bf7 21. Qb2 Nd5 22. a3 b6 23. b5 Na5 24. Rxc8 Qxc8 25. Nd6 Qd7 26. Nxf7+ Qxf7 27. Nd2 Nc3 1/2-1/2

[Event "Medellin Sub zt 2.3.2"]
[Site "Medellin"]
[Date "2025.04.18"]
[Round "8"]
[White "Moreno Hernandez, Andres Mauricio"]
[Black "Remicio Gomez, Joshua Santiago"]
[Result "0-1"]
[WhiteElo "1808"]
[BlackElo "1663"]
[PlyCount "94"]
[EventDate "2025.04.14"]
[EventType "swiss"]
[EventRounds "9"]
[EventCountry "COL"]
[SourceTitle "CB18_2025"]
[SourceDate "2025.04.30"]
[SourceVersion "1"]
[SourceVersionDate "2025.04.30"]
[SourceQuality "1"]

1. c4 c6 2. d4 d5 3. cxd5 cxd5 4. Nf3 Nf6 5. g3 g6 6. Bg2 Bg7 7. 0-0 0-0 8. Nc3 Re8 9. e3 Nc6 10. Bd2 a6 11. Rc1 Bg4 12. h3 Bxf3 13. Bxf3 Rc8 14. Na4 e5 15. dxe5 Nxe5 16. Bg2 Qd6 17. Bc3 b5 18. Bxe5 Qxe5 19. Nc3 Rcd8 20. Qb3 Ne4 21. Rfd1 Nxf2 22. Kxf2 Qxe3+ 23. Kf1 Qxg3 24. Nxd5 Qh4 25. Re1 Bd4 26. Qc2 Re6 27. Re4 Rxe4 28. Bxe4 Qxh3+ 29. Qg2 Qxg2+ 30. Bxg2 Bxb2 31. Rc7 Bd4 32. Ne7+ Kg7 33. Nc6 Rd6 34. Nxd4 Rxd4 35. Ra7 Rd6 36. Be4 h5 37. Bc2 g5 38. Bb3 Rf6+ 39. Kg2 b4 40. Rb7 Rf4 41. Rb6 f6 42. Rxa6 g4 43. Ra7+ Kh6 44. Rd7 h4 45. Rd3 Kg5 46. Bd1 f5 47. Rd8 h3+ 0-1

[Event "COL-ch U18"]
[Site "Bucaramanga"]
[Date "2025.04.06"]
[Round "7"]
[White "Rojas Montaguth, Juan Angel"]
[Black "Moreno Hernandez, Andres Mauricio"]
[Result "0-1"]
[WhiteElo "1634"]
[BlackElo "1808"]
[PlyCount "98"]
[EventDate "2025.04.03"]
[EventType "swiss"]
[EventRounds "7"]
[EventCountry "COL"]
[SourceTitle "CB15_2025"]
[SourceDate "2025.04.09"]
[SourceVersion "1"]
[SourceVersionDate "2025.04.09"]
[SourceQuality "1"]

1. d4 d5 2. Bf4 c5 3. e3 Nc6 4. c3 Nf6 5. Bd3 c4 6. Bc2 e6 7. Nf3 Bd6 8. 0-0 0-0 9. Nbd2 b5 10. Bg5 h6 11. Bh4 Be7 12. e4 dxe4 13. Bxf6 exf3 14. Bxe7 Qxe7 15. Qxf3 Bb7 16. Be4 Qd6 17. Qg3 Qd7 18. f4 Rfd8 19. Bxc6 Bxc6 20. Rae1 Qc7 21. Ne4 Bxe4 22. Rxe4 Rd5 23. Rfe1 Rad8 24. a3 a5 25. Qf3 Qb6 26. Qe2 R8d6 27. g4 g6 28. h4 Qd8 29. g5 h5 30. Kg2 Qa8 31. Kg3 Qc6 32. Re5 b4 33. axb4 axb4 34. Qc2 b3 35. Qb1 Qa8 36. Rd1 Ra6 37. Rde1 Ra7 38. Rxd5 Qxd5 39. Qd1 Ra2 40. Qd2 Qf5 41. Qe2 Ra4 42. Qe5 Qg4+ 43. Kf2 Qxh4+ 44. Kg2 Qg4+ 45. Kf2 Ra2 46. Qb8+ Kh7 47. Qf8 Qxf4+ 48. Kg1 Rxb2 49. Rxe6 Qf2+ 0-1

[Event "Bucaramanga Santander-ch"]
[Site "Bucaramanga"]
[Date "2024.11.02"]
[Round "9"]
[White "Moreno Hernandez, Andres Mauricio"]
[Black "Ortega Rueda, Nicolas"]
[Result "1-0"]
[WhiteElo "1804"]
[BlackElo "1597"]
[PlyCount "121"]
[EventDate "2024.10.29"]
[EventType "swiss"]
[EventRounds "9"]
[EventCountry "COL"]
[SourceTitle "CB45_2024"]
[Source "ChessBase"]
[SourceDate "2024.11.06"]
[SourceVersion "1"]
[SourceVersionDate "2024.11.06"]
[SourceQuality "1"]

1. c4 Nf6 2. Nc3 d5 3. cxd5 Nxd5 4. g3 c6 5. Bg2 g6 6. Qa4 Nb6 7. Qc2 Bg7 8. d3 Be6 9. Nf3 Nd5 10. Ng5 Qd7 11. Nxe6 Qxe6 12. Nxd5 cxd5 13. Qb3 Qb6 14. Qxb6 axb6 15. Bxd5 Nc6 16. Bxc6+ bxc6 17. e3 c5 18. a3 0-0 19. Rb1 Rfd8 20. Ke2 b5 21. Bd2 Rd7 22. Rhd1 Rb7 23. Rdc1 Rc8 24. Bc3 e5 25. b4 c4 26. dxc4 Rxc4 27. Bb2 Rbc7 28. Rxc4 Rxc4 29. Rc1 Rxc1 30. Bxc1 e4 31. Kd2 Kf8 32. Kc2 Ke8 33. Kb3 Kd7 34. Bb2 Bxb2 35. Kxb2 f5 36. Kb3 Kc6 37. a4 bxa4+ 38. Kxa4 Kb6 39. b5 Kb7 40. h4 Kb6 41. Kb4 h6 42. Kc4 g5 43. hxg5 hxg5 44. Kb4 g4 45. Kc4 Kb7 46. Kd5 Kb6 47. Ke5 Kxb5 48. Kxf5 Kc4 49. Kxe4 Kc5 50. Kf5 Kd5 51. e4+ Kd6 52. Kf6 Kd7 53. e5 Ke8 54. Ke6 Kf8 55. Kd7 Kf7 56. e6+ Kf6 57. e7 Ke5 58. e8Q+ Kd4 59. Qh5 Kd3 60. Qxg4 Kd2 61. Qe4 1-0

[Event "COL-ch Blitz"]
[Site "Bucaramanga"]
[Date "2024.10.27"]
[Round "4.19"]
[White "Carvajal Barreto, Johan Sebastian"]
[Black "Moreno Hernandez, Andres Mauricio"]
[Result "1-0"]
[WhiteElo "1914"]
[BlackElo "1618"]
[PlyCount "81"]
[EventDate "2024.10.27"]
[EventType "swiss (blitz)"]
[EventRounds "11"]
[EventCountry "COL"]
[SourceTitle "CB44_2024"]
[Source "Chessbase"]
[SourceDate "2024.10.30"]
[SourceVersion "1"]
[SourceVersionDate "2024.10.30"]
[SourceQuality "1"]

1. e4 c6 2. Nf3 d5 3. exd5 cxd5 4. c4 Nf6 5. d4 Nc6 6. h3 e6 7. a3 Bd6 8. c5 Be7 9. Nc3 0-0 10. Bf4 a6 11. Be2 Ne4 12. Bd3 Nxc3 13. bxc3 b6 14. cxb6 Qxb6 15. Qc2 h6 16. 0-0 Qd8 17. Rfb1 Bd6 18. Be3 Bd7 19. Rb2 a5 20. a4 Rb8 21. Rab1 Rxb2 22. Rxb2 Qc7 23. Bb5 Rb8 24. Qe2 Bf4 25. Bxf4 Qxf4 26. Bxc6 Qc1+ 27. Qe1 Qxb2 28. Bxd7 Qa2 29. Bb5 Qc2 30. Qd2 Qf5 31. Ne5 Rc8 32. Kh2 Qb1 33. c4 dxc4 34. Nxc4 Qf5 35. Nxa5 Qd5 36. Qd3 Qd6+ 37. Qg3 Qxd4 38. Nc6 Qc5 39. Qf3 Qe5+ 40. Nxe5 Rf8 41. Be8 1-0

[Event "American Continental 18th"]
[Site "Medellin"]
[Date "2024.06.02"]
[Round "11"]
[White "Moreno Hernandez, Andres Mauricio"]
[Black "Sanchez Barreto, Josue Efrain"]
[Result "1/2-1/2"]
[WhiteElo "1700"]
[BlackElo "1932"]
[PlyCount "156"]
[EventDate "2024.05.24"]
[EventType "swiss"]
[EventRounds "11"]
[EventCountry "COL"]
[SourceTitle "CBM 220 Extra"]
[Source "ChessBase"]
[SourceDate "2024.07.31"]
[SourceVersion "1"]
[SourceVersionDate "2024.07.31"]
[SourceQuality "1"]

1. e4 e6 2. b3 b6 3. Bb2 Bb7 4. Nc3 d6 5. d4 Nd7 6. Nf3 Ngf6 7. Bd3 c5 8. 0-0 cxd4 9. Nxd4 Be7 10. f4 0-0 11. f5 e5 12. Nde2 a6 13. Ng3 Qc7 14. Bc4 Rac8 15. Rc1 b5 16. Bd5 Nxd5 17. Nxd5 Bxd5 18. exd5 Bg5 19. Qg4 Be3+ 20. Kh1 Nf6 21. Qh4 Bxc1 22. Bxc1 h6 23. Bxh6 gxh6 24. Qxf6 Kh7 25. Nh5 Rg8 26. Qh4 Qd8 27. Nf6+ Kg7 28. Rf3 Rh8 29. Rc3 Kf8 30. Rc6 Rxc6 31. Nh7+ Kg7 32. f6+ Kxh7 33. Qe4+ Kg8 34. Qg4+ Kf8 35. Qg7+ Ke8 36. Qxh8+ Kd7 37. dxc6+ Kc7 38. Qxh6 Kxc6 39. Qh4 Qe8 40. a4 e4 41. axb5+ axb5 42. Qe1 Qe5 43. h3 d5 44. Qa5 d4 45. Qa6+ Kc5 46. Qa3+ Kb6 47. Qe7 Qd5 48. b4 d3 49. cxd3 exd3 50. Qe3+ Ka6 51. Qd2 Qc4 52. Kg1 Qd4+ 53. Kh2 Kb6 54. Kg3 Kc6 55. Kf3 Kd5 56. Qa2+ Ke5 57. Qd2 Kd5 58. Qa2+ Qc4 59. Qa8+ Ke6 60. Ke3 Kxf6 61. Qd8+ Kg7 62. Qxd3 Qc1+ 63. Kf3 Qc6+ 64. Qe4 Qc3+ 65. Kg4 Qc8+ 66. Kf4 Qc1+ 67. Kg4 Qd1+ 68. Kg3 Qd6+ 69. Qf4 Qd3+ 70. Kg4 f6 71. Qc7+ Kg6 72. Qc5 f5+ 73. Kf4 Qe4+ 74. Kg3 f4+ 75. Kh2 Qc4 76. Qd6+ Kf5 77. Qd7+ Ke4 78. Qd2 Kf5 1/2-1/2

[Event "American Continental Rapid 18th"]
[Site "Medellin"]
[Date "2024.06.01"]
[Round "6"]
[White "Dominguez Rincon, Miller Duvan"]
[Black "Moreno Hernandez, Andres Mauricio"]
[Result "1-0"]
[WhiteElo "2003"]
[BlackElo "1737"]
[PlyCount "85"]
[EventDate "2024.06.01"]
[EventType "swiss (rapid)"]
[EventRounds "9"]
[EventCountry "COL"]
[SourceTitle "CBM 220 Extra"]
[Source "ChessBase"]
[SourceDate "2024.07.31"]
[SourceVersion "1"]
[SourceVersionDate "2024.07.31"]
[SourceQuality "1"]

1. e4 c6 2. d4 d5 3. e5 c5 4. dxc5 Nc6 5. Nf3 Bg4 6. Bf4 e6 7. h3 Bxf3 8. Qxf3 Bxc5 9. Qg3 Qb6 10. Nd2 Nge7 11. Bd3 Ng6 12. 0-0 Qb4 13. c4 0-0 14. a3 Qxb2 15. Rfb1 Qd4 16. Bxg6 hxg6 17. Be3 Qd3 18. Bxc5 Qxd2 19. Bxf8 Rxf8 20. cxd5 Qxd5 21. Rxb7 Nd4 22. Rb2 Rc8 23. Kh2 Nf5 24. Qb3 Qxe5+ 25. g3 Nd4 26. Qb7 Rd8 27. Rc1 Nf3+ 28. Kh1 Rd7 29. Qxd7 Qxb2 30. Rc8+ Kh7 31. Qxf7 Qxf2 32. Qg8+ Kh6 33. Qh8+ Kg5 34. Qd8+ Kf5 35. Qa5+ e5 36. Rf8+ Ke4 37. Qb4+ Kd5 38. Qb7+ Kd4 39. Qxf3 Qxf3+ 40. Rxf3 e4 41. Rf7 e3 42. Kg2 Kd3 43. Kf3 1-0

[Event "American Continental Blitz 18th"]
[Site "Medellin"]
[Date "2024.05.29"]
[Round "2"]
[White "Moreno Hernandez, Andres Mauricio"]
[Black "Ng Mora, Joshua"]
[Result "0-1"]
[WhiteElo "1700"]
[BlackElo "1779"]
[PlyCount "64"]
[EventDate "2024.05.29"]
[EventType "swiss (blitz)"]
[EventRounds "9"]
[EventCountry "COL"]
[SourceTitle "CBM 220 Extra"]
[Source "ChessBase"]
[SourceDate "2024.07.31"]
[SourceVersion "1"]
[SourceVersionDate "2024.07.31"]
[SourceQuality "1"]

1. e4 c6 2. d4 d5 3. Nc3 dxe4 4. Nxe4 Bf5 5. Ng3 Bg6 6. h4 h6 7. Nf3 Nd7 8. h5 Bh7 9. Bd3 Bxd3 10. Qxd3 Qc7 11. Bd2 Ngf6 12. Ne4 e6 13. 0-0-0 Rd8 14. Kb1 a6 15. g3 Nxe4 16. Qxe4 Nf6 17. Qe2 Bd6 18. Ne5 c5 19. Bc3 Nd5 20. Rd3 b5 21. dxc5 Nxc3+ 22. bxc3 Bxe5 23. Rxd8+ Kxd8 24. Rd1+ Ke7 25. Qe3 Rd8 26. Re1 Bf6 27. f4 Rd5 28. c6 Qxc6 29. Qa7+ Rd7 30. Qe3 Qxc3 31. Qxc3 Bxc3 32. Re3 Rd1# 0-1

[Event "Bucaramanga Santander-ch"]
[Site "Bucaramanga"]
[Date "2024.03.09"]
[Round "5"]
[White "Moreno Hernandez, Andres Mauricio"]
[Black "Suarez Pinto, Sergio Rafael"]
[Result "0-1"]
[WhiteElo "1672"]
[BlackElo "1948"]
[PlyCount "52"]
[EventDate "2024.03.08"]
[EventType "swiss"]
[EventRounds "7"]
[EventCountry "COL"]
[SourceTitle "CBM 219 Extra"]
[Source "ChessBase"]
[SourceDate "2024.05.31"]
[SourceVersion "1"]
[SourceVersionDate "2024.05.31"]
[SourceQuality "1"]

1. e4 e5 2. Nf3 Nc6 3. Bb5 a6 4. Ba4 Nf6 5. 0-0 Be7 6. c3 Nxe4 7. Re1 Nc5 8. Nxe5 Nxe5 9. Rxe5 Nxa4 10. Qxa4 0-0 11. d4 d5 12. Nd2 Bd6 13. Re1 Qh4 14. Nf3 Qh5 15. Qb3 c6 16. Re3 b5 17. h3 f6 18. Bd2 Bd7 19. Nh2 Bf4 20. Re7 Bxd2 21. Rxd7 Qe8 22. Rc7 Bf4 23. Rb7 Bd6 24. c4 dxc4 25. Qf3 Qc8 26. Rb6 Bxh2+ 0-1

[Event "COL-ch U18"]
[Site "Bogota"]
[Date "2023.05.13"]
[Round "4"]
[White "Carrero Hernandez, Oscar David"]
[Black "Moreno Hernandez, Andres Mauricio"]
[Result "1-0"]
[WhiteElo "1740"]
[BlackElo "1470"]
[PlyCount "51"]
[EventDate "2023.05.11"]
[EventType "swiss"]
[EventRounds "7"]
[EventCountry "COL"]
[SourceTitle "CBM 214 Extra"]
[Source "ChessBase"]
[SourceDate "2023.07.31"]
[SourceVersion "1"]
[SourceVersionDate "2023.07.31"]
[SourceQuality "1"]

1. e4 c6 2. c4 d5 3. cxd5 cxd5 4. exd5 Nf6 5. Nc3 Nxd5 6. Bc4 Nxc3 7. bxc3 Nc6 8. d4 e6 9. Nf3 Bd6 10. 0-0 0-0 11. Bd3 h6 12. Be3 Qc7 13. Qd2 f5 14. Qc2 e5 15. h3 e4 16. Bc4+ Kh7 17. Ne1 Rf6 18. f3 f4 19. fxe4 fxe3 20. e5+ Bf5 21. Rxf5 Rxf5 22. Qxf5+ g6 23. exd6 Qxd6 24. Qf3 e2 25. Bxe2 Nxd4 26. Qxb7+ 1-0

[Event "COL-ch U14"]
[Site "Cartagena"]
[Date "2023.04.15"]
[Round "5"]
[White "Moreno Hernandez, Andres Mauricio"]
[Black "Figueroa Rincon, Cesar Fabian"]
[Result "1/2-1/2"]
[WhiteElo "1500"]
[BlackElo "1310"]
[PlyCount "82"]
[EventDate "2023.04.13"]
[EventType "swiss"]
[EventRounds "7"]
[EventCountry "COL"]
[SourceTitle "CBM 213 Extra"]
[Source "ChessBase"]
[SourceDate "2023.05.31"]
[SourceVersion "1"]
[SourceVersionDate "2023.05.31"]
[SourceQuality "1"]

1. e4 d6 2. d4 Nf6 3. Nc3 g6 4. f3 Bg7 5. Be3 Nbd7 6. Bc4 e5 7. Nge2 0-0 8. Qd2 c6 9. 0-0-0 a6 10. g4 h5 11. gxh5 Nxh5 12. Ng3 Nhf6 13. h4 d5 14. exd5 Nb6 15. Bb3 Nfxd5 16. Nxd5 Nxd5 17. dxe5 Bxe5 18. f4 Bf6 19. Bxd5 cxd5 20. Qxd5 Bxh4 21. Qg2 Qe7 22. Bc5 Qxc5 23. Rxh4 Re8 24. Qh2 Qe3+ 25. Kb1 Qd4 26. Rh1 Kf8 27. Rh8+ Ke7 28. Qh4+ Kd7 29. Rh7 Re7 30. Qg4+ Kc7 31. Qf3 Be6 32. Rd1 Rd8 33. Rxd4 Rxd4 34. Qc3+ Rc4 35. Qe5+ Kd7 36. Ne4 Rxe4 37. Qxe4 Bxa2+ 38. Kxa2 Rxe4 39. Rxf7+ Kc6 40. Rf6+ Kc5 41. Rxg6 Rxf4 1/2-1/2

[Event "Bucaramanga Santander-ch"]
[Site "Bucaramanga"]
[Date "2023.04.02"]
[Round "7"]
[White "Remolina Garcia, Mayra Xiomara"]
[Black "Moreno Hernandez, Andres Mauricio"]
[Result "1-0"]
[WhiteElo "1600"]
[BlackElo "1500"]
[PlyCount "79"]
[EventDate "2023.03.31"]
[EventType "swiss"]
[EventRounds "7"]
[EventCountry "COL"]
[SourceTitle "CBM 213 Extra"]
[Source "ChessBase"]
[SourceDate "2023.05.31"]
[SourceVersion "1"]
[SourceVersionDate "2023.05.31"]
[SourceQuality "1"]

1. d4 d5 2. Bf4 c6 3. Nc3 Nf6 4. e3 Bf5 5. Bd3 Bxd3 6. Qxd3 e6 7. f3 Bd6 8. Bxd6 Qxd6 9. e4 dxe4 10. Nxe4 Nxe4 11. fxe4 Nd7 12. 0-0-0 0-0-0 13. Nf3 Nc5 14. Qe3 Na6 15. a3 Qe7 16. c4 f6 17. Rd3 c5 18. e5 f5 19. d5 exd5 20. cxd5 h6 21. Rhd1 Rhe8 22. Qf4 Rf8 23. d6 Qe6 24. d7+ Kc7 25. Rd6 Qe7 26. e6 g5 27. Qe5 b6 28. Qd5 g4 29. Ne5 Qg5+ 30. Kb1 Qe3 31. Rc6+ Kb8 32. Rc8+ Rxc8 33. dxc8Q+ Rxc8 34. Nc6+ Rxc6 35. Qxc6 Qe4+ 36. Qxe4 fxe4 37. e7 Nc7 38. Rd7 Ne8 39. Rd8+ Kc7 40. Rxe8 1-0